000 00331nam a2200145Ia 4500
100 _aLiao/Samuel Y
942 _cBK
654 _aMicrowave device
245 _aMicrowave devices & circuits
260 _bPrentice Hall of India
_aNew Delhi
_c1989
082 _a621.3813
_bLIA
300 _a575
546 _aENGLISH
999 _c25060
_d25060